000 00618nam a2200193 i 4500
001 90006
003 ES-MaACL
005 20250716062527.0
007 t|
008 050117s1916 xxk ||||1| eng d
100 1 _aLee, Sidney.
_971193
245 1 2 _aA life of William Shakespeare /
_cby Sidney Lee ; with portrait and facsimiles.
250 _a[2nd ed., rewritten and enlarged version].
260 _aLondon :
_b[s.n.],
_c1916 (
_eSpottiswoode :
_fBallantyne CÂș)
300 _aXXXVI, 776 p. ;
_c21 cm.
600 1 4 _aShakespeare, William,
_d1564-1616
_9105992
852 _aES-MaACL
_jC-726
999 _c90006
_d90006